| 000 | 00630nam a2200229 a 4500 | ||
|---|---|---|---|
| 001 | 63464 | ||
| 003 | BD-RJUL | ||
| 005 | 20211209081211.0 | ||
| 008 | 170130s1986 fr 000 0 fre d | ||
| 035 | _a(BD-RJUL)63593 | ||
| 040 |
_aUPP _cUPP _beng _dBD-RJUL |
||
| 041 | _aeng | ||
| 082 |
_223 _a842.4 _bRAI 1986 |
||
| 090 | _bD8 | ||
| 100 | 1 |
_aRacine, Jean, _d1639-1699. _9188775 |
|
| 245 | 1 | 0 |
_aIphigénie / _cJean, Racine, |
| 260 |
_aParis : _bLibrairie Générale Française, _c1986 |
||
| 300 |
_a110 p. : _bill. ; _c17 cm |
||
| 650 |
_aFrench drama _9187467 |
||
| 650 |
_aIphigénie (Racine, Jean) _9188776 |
||
| 942 |
_2ddc _cBK |
||
| 999 |
_c63464 _d63464 |
||